000 00972nac a22003017a 4500
001 BR0405363
003 BR-BrBNA
005 20240105123050.0
008 230509b bl.|||m| |||| 00| 0 por d
040 _aBR-BrBNA
_bpor
_cBiblioteca Nacional de Agricultura
072 _aF01
090 _a0150 BR0405363
100 1 _aSilva, O.F. da
100 1 _aSantos, A.B. dos
110 1 _aEMBRAPA Arroz e Feijão, Santo Antônio de Goiás, GO (Brasil)
245 1 _aEconomicidade do cultivo da soca de arroz irrigado em várzeas tropicais
260 3 _aSanto Antônio de Goiás, GO (Brasil):
_c2003.
300 _a3 p.
490 _aComunicado Técnico - EMBRAPA Arroz e Feijão (Brazil)
_vno. 59
_xISSN 1677-910X
650 _aARROZ IRRIGADO
650 _aPRODUÇÃO VEGETAL
650 _aSOCA
650 _aCUSTO DE PRODUÇÃO
650 _aINSUMO
650 _aANÁLISE ECONÔMICA
909 _a202312
_bLúcia Elande
_c55
_dLúcia Elande
942 _2AGRIS
_n0
_cMS
999 _c293843
_d293843